000 00684cam a2200169 4500
001 ABS61057
008 000000n 000 0 eng u
035 _a(Sirsi) u101608
100 _aBingham, T.
245 _aWho's going to pay?
490 _aBuilding
_v64(8101) 27 August 1999, 57(1)
520 _a Examines whether or not the Scheme for Construction Contracts gives adjudicators the power to make one side pay the other's costs in an adjudication. (Taken from journal headnote.)
650 _aCOSTS
650 _aSCHEME FOR CONSTRUCTION CONTRACTS
690 _aMANAGEMENT-DISPUTE AVOIDANCE, MANAGEMENT AND RESOLUTION-DISPUTE MANAGEMENT AND RESOLUTION-ARBITRATION
942 _n0
999 _c60739
_d60739